| 000 | 00488nam a2200205Ia 4500 | ||
|---|---|---|---|
| 008 | 240509s9999 xx 000 0 und d | ||
| 020 | _a0009971512874 | ||
| 041 | _aEng | ||
| 082 | _a005.117 | ||
| 082 | _bH56 | ||
| 100 | _aHORSTMANN C. | ||
| 245 | 0 | _aCOMPUTING CONCEPTS WITH JAVA 2 ESSENTIALS | |
| 250 | _a2nd ed. | ||
| 260 | _bTOKYO : ADDISION WESLEY | ||
| 260 | _c2000 | ||
| 300 | _a762 p. | ||
| 650 | _aJAVA : OBJECT ORIENTED PROGRAMMING | ||
| 942 | _2ddc | ||
| 942 | _cRBK | ||
| 999 |
_c22943 _d22943 |
||
| 945 |
_a1 _bMadushi Gamage _c1 _dMadushi Gamage |
||